MARC details
| 000 -LEADER |
| fixed length control field |
02422cam a22004695i 4500 |
| 001 - CONTROL NUMBER |
| control field |
21738529 |
| 005 - DATE AND TIME OF LATEST TRANSACTION |
| control field |
20230123112458.0 |
| 007 - PHYSICAL DESCRIPTION FIXED FIELD--GENERAL INFORMATION |
| fixed length control field |
cr ||||||||||| |
| 008 - FIXED-LENGTH DATA ELEMENTS--GENERAL INFORMATION |
| fixed length control field |
131001s2013 gw |||| o |||| 0|eng |
| 010 ## - LIBRARY OF CONGRESS CONTROL NUMBER |
| LC control number |
2019756166 |
| 020 ## - INTERNATIONAL STANDARD BOOK NUMBER |
| International Standard Book Number |
9783642416477 |
| 035 ## - SYSTEM CONTROL NUMBER |
| System control number |
(DE-He213)978-3-642-41647-7 |
| 072 #7 - SUBJECT CATEGORY CODE |
| Subject category code |
COM079000 |
| Source |
bisacsh |
| 072 #7 - SUBJECT CATEGORY CODE |
| Subject category code |
UBJ |
| Source |
bicssc |
| 072 #7 - SUBJECT CATEGORY CODE |
| Subject category code |
UBJ |
| Source |
thema |
| 082 04 - DEWEY DECIMAL CLASSIFICATION NUMBER |
| Classification number |
004 |
| Edition number |
23 |
| 245 00 - TITLE STATEMENT |
| Title |
Activities of Transport Telematics : |
| Remainder of title |
13th International Conference on Transport Systems Telematics, TST 2013, Katowice-Ustron, Poland, October 23--26, 2013. Proceedings / |
| Statement of responsibility, etc. |
edited by Jerzy Mikulski. |
| 250 ## - EDITION STATEMENT |
| Edition statement |
1st ed. 2013. |
| 300 ## - PHYSICAL DESCRIPTION |
| Extent |
1 online resource (XVI, 488 pages 239 illustrations) |
| 520 ## - SUMMARY, ETC. |
| Summary, etc. |
This book constitutes the proceedings of the 13th International Conference on Transport Systems Telematics, TST 2013, held in Katowice-Ustron, Poland, in October 2013. The 58 papers included in this volume were carefully reviewed and selected for inclusion in this book. They provide an overview of solutions being developed in the field of intelligent transportation systems, and include theoretical and case studies in the countries of conference participants. |
| 650 #0 - SUBJECT ADDED ENTRY--TOPICAL TERM |
| Topical term or geographic name entry element |
Application software. |
| 650 #0 - SUBJECT ADDED ENTRY--TOPICAL TERM |
| Topical term or geographic name entry element |
Artificial intelligence. |
| 650 #0 - SUBJECT ADDED ENTRY--TOPICAL TERM |
| Topical term or geographic name entry element |
Computer simulation. |
| 650 #0 - SUBJECT ADDED ENTRY--TOPICAL TERM |
| Topical term or geographic name entry element |
Computers and civilization. |
| 650 14 - SUBJECT ADDED ENTRY--TOPICAL TERM |
| Topical term or geographic name entry element |
Computers and Society. |
| 650 24 - SUBJECT ADDED ENTRY--TOPICAL TERM |
| Topical term or geographic name entry element |
Artificial Intelligence. |
| 650 24 - SUBJECT ADDED ENTRY--TOPICAL TERM |
| Topical term or geographic name entry element |
Computer Applications. |
| 650 24 - SUBJECT ADDED ENTRY--TOPICAL TERM |
| Topical term or geographic name entry element |
Information Systems Applications (incl. Internet). |
| 650 24 - SUBJECT ADDED ENTRY--TOPICAL TERM |
| Topical term or geographic name entry element |
Simulation and Modeling. |
| 700 1# - ADDED ENTRY--PERSONAL NAME |
| Personal name |
Mikulski, Jerzy. |
| 942 ## - ADDED ENTRY ELEMENTS (KOHA) |
| Koha item type |
Books |
| 264 #1 - PRODUCTION, PUBLICATION, DISTRIBUTION, MANUFACTURE, AND COPYRIGHT NOTICE |
| Place of production, publication, distribution, manufacture |
Berlin, Heidelberg : |
| Name of producer, publisher, distributor, manufacturer |
Springer Berlin Heidelberg : |
| -- |
Imprint: Springer, |
| Date of production, publication, distribution, manufacture, or copyright notice |
2013. |
| 336 ## - CONTENT TYPE |
| Content type term |
text |
| Content type code |
txt |
| Source |
rdacontent |
| 337 ## - MEDIA TYPE |
| Media type term |
computer |
| Media type code |
c |
| Source |
rdamedia |
| 338 ## - CARRIER TYPE |
| Carrier type term |
online resource |
| Carrier type code |
cr |
| Source |
rdacarrier |
| 347 ## - DIGITAL FILE CHARACTERISTICS |
| File type |
text file |
| Encoding format |
PDF |
| Source |
rda |
| 588 ## - SOURCE OF DESCRIPTION NOTE |
| Source of description note |
Description based on publisher-supplied MARC data. |
| 776 08 - ADDITIONAL PHYSICAL FORM ENTRY |
| Relationship information |
Print version: |
| Title |
Activities of transport telematics : 13th International Conference on Transport Systems Telematics, TST 2013, Katowice-Ustron, Poland, October 23-26, 2013. Proceedings |
| International Standard Book Number |
9783642416460 |
| Record control number |
(DLC) 2013951047 |
| 776 08 - ADDITIONAL PHYSICAL FORM ENTRY |
| Relationship information |
Printed edition: |
| International Standard Book Number |
9783642416460 |
| 776 08 - ADDITIONAL PHYSICAL FORM ENTRY |
| Relationship information |
Printed edition: |
| International Standard Book Number |
9783642416484 |
| 906 ## - LOCAL DATA ELEMENT F, LDF (RLIN) |
| a |
0 |
| b |
ibc |
| c |
origres |
| d |
u |
| e |
ncip |
| f |
20 |
| g |
y-gencatlg |